Гидрогеологические условия отработки каменных углей шахтами Октябрьской и Комсомолец в Ленинском районе Кузбасса. Ч. II. Приложения: Заключительный отчет о НИР; Тема : х/д 2-63/81

Bibliographic Details
Corporate Author: Томский политехнический институт (ТПИ) (595)
Other Authors: Плевако Г. А. (руководитель), Макушин Ю. В. (исполнитель)
Language:Russian
Published: Томск, 1982
Subjects:
Format: Book
KOHA link:https://koha.lib.tpu.ru/cgi-bin/koha/opac-detail.pl?biblionumber=155363

MARC

LEADER 00000nbm0a2200000 4500
001 155363
005 20231031152332.0
029 0 0 |a SU  |b 01830009910  |f ТПУ 
035 |a (RuTPU)RU\TPU\book\168537 
035 |a RU\TPU\book\168534 
090 |a 155363 
100 |a 20090313d1982 k y0rusy50 ca 
101 0 |a rus 
102 |a RU 
105 |a a p 000zy 
200 1 |a Гидрогеологические условия отработки каменных углей шахтами Октябрьской и Комсомолец в Ленинском районе Кузбасса. Ч. II. Приложения  |e Заключительный отчет о НИР  |e Тема : х/д 2-63/81  |f Томский политехнический институт (ТПИ) ; руководитель Г. А. Плевако ; Ю. В. Макушин 
210 |a Томск  |d 1982 
215 |a 58 л. 
610 1 |a каменный уголь 
610 1 |a гидрогеологические условия 
610 1 |a шахты 
610 1 |a Кузбасс 
610 1 |a водопритоки 
610 1 |a прогноз 
610 1 |a химический состав 
610 1 |a приложение к отчету 
610 1 |a отчеты о НИР 
675 |a 622.51(04)  |v 3 
702 1 |a Плевако  |b Г. А.  |4 673 
702 1 |a Макушин  |b Ю. В.  |4 677 
712 0 2 |a Томский политехнический институт (ТПИ)  |c (1944-1991)  |2 stltpush  |3 (RuTPU)RU\TPU\col\1123  |4 595 
801 1 |a RU  |b 63413507  |c 20090313  |g PSBO 
801 2 |a RU  |b 63413507  |c 20090313  |g PSBO 
942 |c BK